Клинична психофармакология (Запис номер 57683)
[ съкратено ]
| 000 -Лидер | |
|---|---|
| Контролно поле с фиксирана дължина | 01922nam a2200349 c 4500 |
| 003 - Код на организацията, давaща контролен номер | |
| Контролно поле | BLK |
| 005 - Дата и час на последна редакция | |
| Контролно поле | 20180422102120.0 |
| 008 - Елементи от данни с фиксирана дължина | |
| fixed length control field | 180408b bul|||||r ||||||| ||bul|| |
| 010 ## - Наследен системен номер | |
| LC control number | KNG00061690000 |
| 040 ## - Източник на каталожния запис | |
| Идентификатор на билиотеката - собственик на записа | BLK |
| 041 ## - Код за език | |
| Код за езика на текст/звукозапис или на отделно заглавие | Български |
| Код за езика КДБФ | Български |
| 080 ## - УДК | |
| Текстов определител УДК | Психофармакологични средства. Средства против неврози и психози. Транквилизатори(успокояващи);релаксанти(отпускащи);седативни(сънотворни, приспивателни);антидепресивни |
| УДК код - определител по УДК | 615.214 |
| УДК определител | |
| УДК - код + определител | 615.214 |
| 080 ## - УДК | |
| Текстов определител УДК | Психиатрия. Патологична психология. Френопатии. Аутизъм (мед. аспекти). Психични(душевни) болести. Психози. Вж и 159.9; 612.82; 615.851; Съдебна психиатрия вж 340.6 |
| УДК код - определител по УДК | 616.89 |
| УДК определител | |
| УДК - код + определител | 616.89 |
| 100 1# - Редна дума - Автор | |
| Автор | Темков, Иван Темков |
| Авторска отговорност | първи автор |
| R(LIN) | 369507 |
| 139 ## - Редно поле | |
| Редна дума | Темков, Иван Темков и др. |
| Авторски знак | Тем - Т 47 |
| 245 10 - Сведения за заглавието | |
| Заглавие | Клинична психофармакология |
| Редно поле (дума) | Иван Темков Темков; съавт. Кирил Киров. |
| 250 ## - Област на изданието | |
| Сведения за изданието | 2. осн. прераб. и доп. изд. |
| 257 ## - Страна на издаване | |
| Страна на създаване/издаване | България |
| 260 ## - Област на издателските данни | |
| -- | София |
| Име на издателя, разпространителя и проч. | Медицина и физкултура |
| Година на издаване | 1976 |
| 300 ## - Физическа характеристика | |
| Страници | 539 с. |
| Размери/Мащаб | 24 см |
| 380 ## - Жанр | |
| Жанр | Медицина |
| 500 ## - Общи забележки | |
| Забележка | 1. изд. 1969. - Библиогр. след разделите ; Азб. и предм. показалци |
| 650 #4 - Допълнително описание по предмет – тема | |
| Основно описание – тема или топоним | Психични болести |
| 9 (RLIN) | 253394 |
| 650 #4 - Допълнително описание по предмет – тема | |
| Основно описание – тема или топоним | Лекарства - приложение в неврологията |
| 9 (RLIN) | 287791 |
| 653 ## - Ключова дума – ненормативна | |
| Ключова дума | психофармакология |
| 700 1# - Други автори (авторска отговорност) | |
| Лично име | Киров, Кирил |
| Автороска отговорност (Описва отношението между автора и произведението) | съавт. |
| 9 (RLIN) | 367382 |
| 852 ## - Местоположение | |
| Форматна сигнатура | Цб 81106 |
| 856 4# - Електронен адрес и достъп | |
| Електронен формат | pdf - файл |
| Път до файла /url/ | |
| 856 4# - Електронен адрес и достъп | |
| Електронен формат | pdf - файл |
| Път до файла /url/ | |
| 942 ## - АРТИКУЛИ | |
| Вид на библиотечния материал | Книги |
| Скрит в OPAC | Не |
| 944 ## - СЪЗДАВАНЕ И РЕДАКЦИЯ на ЗАПИСА | |
| Създаване/Редакция | Създаване |
| Дата на регистрацията/редакция | 13.06.2004 |
| Служител, извършил регистрацията/редакцията | Читалня |
| 944 ## - СЪЗДАВАНЕ И РЕДАКЦИЯ на ЗАПИСА | |
| Създаване/Редакция | Редакция |
| Дата на регистрацията/редакция | 07.10.2015 |
| Служител, извършил регистрацията/редакцията | Геновева_Генчева |
| 999 ## - СИСТЕМНИ КОНТРОЛНИ НОМЕРА | |
| Koha biblionumber | 57683 |
| Koha biblioitemnumber | 57683 |
| Код за отписване | Код за изгубен артикул | Източник на класификационната схема | Код за повреда | Коз за рестрикции | Код за отдаване | Артикулен № | Име на библиотеката - собственик | Име на библиотеката, в която се намира в момента | Статус (Текущо местоположение) | Дата на вписване в системата | Местоположение - отдел | Цена в лева | Инвентарен номер | Систематично азбучна сигнатура | Баркод | Номер на екземпляра | Цена в евро | Служебна бележка | Служебен тип на артикула | Бележка за публиката |
|---|---|---|---|---|---|---|---|---|---|---|---|---|---|---|---|---|---|---|---|---|
| Изтеглен | Не е изгубен | Universal Decimal Classification | Не е повреден | без рестрикции | ползва се в читалня | 93933 | Регионална библиотека "Любен Каравелов" Русе | Регионална библиотека "Любен Каравелов" Русе | Читалня | 1993-01-01 | Читалня | 4.17 | 206934 | Ч 615/Т 47 | 206934 | 1 | 2.13 | Дост: Pk Вид: Ф N: стар фонд Дата: 01.01.1976 Дата инв: 17.03.2017 Бележки инв: Ч2017 | Книги | |
| Изтеглен | Не е изгубен | Не е повреден | без рестрикции | заемане за дома | 93934 | Регионална библиотека "Любен Каравелов" Русе | Регионална библиотека "Любен Каравелов" Русе | 1976-01-01 | Заемна - подръчен фонд | 4.17 | 206931 | П 615.2/Т 47 | 206931 | 2 | 2.13 | Дост: Pk Вид: Ф N: стар фонд Дата: 01.01.1976 | Книги | Отч.N: 6/2018 , Дата: 22.01.2018 | ||
| Изтеглен | Не е изгубен | Universal Decimal Classification | Не е повреден | без рестрикции | заемане за дома | 93935 | Регионална библиотека "Любен Каравелов" Русе | Регионална библиотека "Любен Каравелов" Русе | Заемна - подръчен фонд | 1976-01-01 | Заемна - подръчен фонд | 4.17 | 206932 | П 615.2/Т 47 | 206932 | 3 | 2.13 | Дост: Pk Вид: Ф N: стар фонд Дата: 01.01.1976 Дата инв: 05.02.2018 Бележки инв: П2018 | Книги | |
| Не е изгубен | Universal Decimal Classification | Не е повреден | само за читалня | ползва се в читалня | 93936 | Регионална библиотека "Любен Каравелов" Русе | Регионална библиотека "Любен Каравелов" Русе | Хранилище | 1976-01-01 | Хранилище | 4.17 | 205768 | Цб 81106 | 120000205768 | 4 | 2.13 | Дост: Dp Вид: Д N: стар фонд Дата: 01.01.1976 | Книги |